000 00864nam a2200241Ia 4500
003 OSt
005 20220925182845.0
006 a|||||r|||| 00| 0
007 ta
008 220923b |||||||| |||| 00| 0 eng d
037 _cGeneral Book
040 _aRTL
_cRTL
_beng
041 _2eng
_aeng
082 _aY5926:4:6.2.N79t, M0/GD
100 _aMandal B P
_9257318
110 _aINDIA, BACKWARD CLASSES COMMISSION (1980) (Chairman: B P Mandal)
_9257319
245 0 _aReservations for Backward Classes
_b Mandal Commission Report of the Backward Classes Commission, 1980.
260 _aDelhi
_bAkalank Publications
_c1991
300 _a393p.
_ccm.
700 _aINDIA, BACKWARD CLASSES COMMISSION (1980) (Chairman: B P Mandal)
_9257320
942 _hY5926:4:6.2.N79t, M0/GD
_cGB
_2CC
999 _c503297
_d503297